000 00534cam a2200181 4500500
005 20260405002258.0
041 _afre
042 _adc
100 1 0 _aBognon-Küss, Cécilia
_eauthor
245 0 0 _aPeut-on créer la vie ?
260 _c2016.
500 _a81
690 _aBiologie
690 _aScience
690 _aVivant
786 0 _nPhilosophie magazine | 103 | 10 | 2016-10-01 | p. 13-17 | 1951-1787
856 4 1 _uhttps://shs.cairn.info/magazine-philosophie-magazine-2016-10-page-13?lang=fr&redirect-ssocas=7080
999 _c2056187
_d2056187